MARC

LEADER 00000naa0a2200000 4500
001 650676
005 20250903135720.0
035 |a (RuTPU)RU\TPU\network\15909 
090 |a 650676 
100 |a 20161015d2016 k||y0engy50 ba 
101 0 |a eng 
102 |a RU 
135 |a drcn ---uucaa 
181 0 |a i  
182 0 |a b 
200 1 |a Improving the efficiency of technological gas low-temperature separation unit devices using simulation dynamic model  |f M. O. Pisarev [et al.] 
203 |a Text  |c electronic 
300 |a Title screen 
320 |a [References: p. 391 (5 tit.)] 
463 |t Chemical Reactors (CHEMREACTOR-22)  |o XXII International Conference, September 19-23, 2016, London, United Kingdom  |o abstracts  |v [P. 390-391]  |f Russian Academy of Sciences (RAS), Siberian Branch (SB), Boreskov Institute of Catalysis (BIC) ; University College London ; eds. A. S. Noskov [et al.]  |d 2016 
610 1 |a электронный ресурс 
610 1 |a труды учёных ТПУ 
610 1 |a динамическая модель 
610 1 |a моделирование 
610 1 |a эффективность 
701 1 |a Pisarev  |b M. O.  |c geologist  |c Director of the design Institute of Tomsk Polytechnic University  |f 1982-  |g Mikhail Olegovich  |3 (RuTPU)RU\TPU\pers\36606 
701 1 |a Dolganov  |b I. M.  |c Chemical Engineer  |c Associate Professor of Tomsk Polytechnic University, Candidate of Technical Sciences  |f 1987-  |g Igor Mikhailovich  |3 (RuTPU)RU\TPU\pers\32216  |9 16216 
701 1 |a Dolganova  |b I. O.  |c chemist  |c Associate Scientist of Tomsk Polytechnic University, postgraduate student, candidate of technical Sciences  |f 1988-  |g Irena Olegovna  |3 (RuTPU)RU\TPU\pers\31271  |9 15449 
701 1 |a Ivashkina  |b E. N.  |c Chemical Engineer  |c Professor of Tomsk Polytechnic University, Doctor of technical sciences  |f 1983-  |g Elena Nikolaevna  |3 (RuTPU)RU\TPU\pers\31275  |9 15453 
712 0 2 |a Национальный исследовательский Томский политехнический университет (ТПУ)  |b Институт природных ресурсов (ИПР)  |b Кафедра химической технологии топлива и химической кибернетики (ХТТ)  |3 (RuTPU)RU\TPU\col\18665 
801 2 |a RU  |b 63413507  |c 20161114  |g RCR 
856 4 |u http://www.catalysis.ru/resources/institute/Publishing/Report/2016/Abstracts-Chemreactor-22.pdf#page=391 
942 |c CF